Central Library OPAC University of Rajshahi

Cellular and subcellular localization in plant metabolism / (Record no. 13437)

MARC details
000 -LEADER
fixed length control field 01450pam a2200325 a 4500
001 - CONTROL NUMBER
control field 13437
003 - CONTROL NUMBER IDENTIFIER
rucl marc code BD-RjUL
005 - DATE AND TIME OF LATEST TRANSACTION
control field 20211208235444.0
008 - FIXED-LENGTH DATA ELEMENTS--GENERAL INFORMATION
fixed length control field 140201s1982 nyua b 101 0 eng
020 ## - INTERNATIONAL STANDARD BOOK NUMBER
International Standard Book Number 0306410230
035 ## - SYSTEM CONTROL NUMBER
System control number (BD-RjUL)13488
040 ## - CATALOGING SOURCE
Original cataloging agency DLC
Transcribing agency DLC
Modifying agency DLC
-- BD-RjUL
Language of cataloging eng
041 ## - LANGUAGE CODE
Language code of text/sound track or separate title eng
082 00 - DEWEY DECIMAL CLASSIFICATION NUMBER
Classification number 581.133
Edition number 19
Author mark and year CEL
245 00 - TITLE STATEMENT
Title Cellular and subcellular localization in plant metabolism /
Statement of responsibility, etc. edited by Leroy L. Creasy and Geza Hrazdina.
260 ## - PUBLICATION, DISTRIBUTION, ETC. (IMPRINT)
Place of publication, distribution, etc. New York :
Name of publisher, distributor, etc. Plenum Press,
Date of publication, distribution, etc. c1982.
300 ## - PHYSICAL DESCRIPTION
Pagination ix, 227 p. :
Illustrations ill. ;
Size 24 cm.
500 ## - GENERAL NOTE
General note Papers presented at a Symposium on the Cellular and Subcellular Specialization in Plant Metabolism during the annual meeting of the Phytochemical Society of North America, at Cornell University, Ithaca, N.Y., on Aug. 10-14, 1981.
504 ## - BIBLIOGRAPHY, ETC. NOTE
Bibliography, etc Includes bibliographical references and index.
650 #0 - SUBJECT ADDED ENTRY--TOPICAL TERM
Topical term or geographic name as entry element Plants
General subdivision Metabolism
-- Congresses.
9 (RLIN) 41901
Topical term or geographic name as entry element Plant cells and tissues
General subdivision Congresses.
9 (RLIN) 41902
700 1# - ADDED ENTRY--PERSONAL NAME
Personal name Creasy, Leroy L.
Personal name Hrazdina, Geza.
710 2# - ADDED ENTRY--CORPORATE NAME
Corporate name or jurisdiction name as entry element Phytochemical Society of North America.
Subordinate unit Meeting
Number of part/section/meeting (21st :
Date of meeting or treaty signing 1981 :
Location of meeting Cornell University)
9 (RLIN) 41905
711 2# - ADDED ENTRY--MEETING NAME
Meeting name or jurisdiction name as entry element Symposium on the Cellular and Subcellular Specialization in Plant Metabolism
Date of meeting (1981 :
Location of meeting Cornell University)
9 (RLIN) 41906
942 ## - ADDED ENTRY ELEMENTS (KOHA)
Source of classification or shelving scheme Dewey Decimal Classification
Koha item type Books
Holdings
Lost status Source of classification or shelving scheme Damaged status Not for loan Collection code Permanent Location Current Location Shelving location Date acquired Source of acquisition Cost, normal purchase price Total Checkouts Full call number Date last seen Copy number Koha item type
  Dewey Decimal Classification     Non-fiction Central Library, University of Rajshahi Central Library, University of Rajshahi   12/09/1983 Tulip Enterprise Dhaka 733.50   581.133 CEL 1982 01/02/2014 C-16 Books